On the depending of tire performance and the degree of mixing (Record no. 64360)

MARC details
000 -LEADER
fixed length control field 00462nam a2200169Ia 4500
100 ## - MAIN ENTRY--AUTHOR NAME
Personal name
245 #0 - TITLE STATEMENT
Title On the depending of tire performance and the degree of mixing
260 ## - PUBLICATION, DISTRIBUTION, ETC. (IMPRINT)
Name of publisher Kautschuk Gummi Kunststoffe
Year of publication 2003
300 ## - PHYSICAL DESCRIPTION
Number of Pages 110-113
650 ## - SUBJECT ADDED ENTRY--TOPICAL TERM
Topical Term Mixing
650 ## - SUBJECT ADDED ENTRY--TOPICAL TERM
Topical Term Silica viscoelasticity
650 ## - SUBJECT ADDED ENTRY--TOPICAL TERM
Topical Term Tire performance
700 ## - ADDED ENTRY--PERSONAL NAME
Personal name Nichetti D
700 ## - ADDED ENTRY--PERSONAL NAME
Personal name Pessina R
942 ## - ADDED ENTRY ELEMENTS (KOHA)
Koha item type Journals
100 ## - MAIN ENTRY--AUTHOR NAME
-- an Raepenbusch P
Holdings
Withdrawn status Lost status Damaged status Not for loan Home library Current library Shelving location Date acquired Serial Enumeration / chronology Koha item type
      Journals RRII Library RRII Library Rubber chemistry 17/12/2021 Volume 56, Issue 3 Journals